00994nam a2200241 a 4500001000900000005001700009008004100026050002200067100003900089245008600128260002600214300003200240500002100272504003200293650004300325650004100368650006400409650009100473650006100564942001100625999001300636952010300649BRCA_44320190320203019.0290705s1991----sp-a---###---#000-0#spa-d 4aNK4123b.M37 19911 aMartínez Caviró, Balbina9134810aCerámica hispanomusulmanabandalusí y mudéjarcBalbina Martínez Caviró. aMadridbEl Visoc1991 a350 p.bil. a colorc30 cm. aIncluye glosario aBibliografía : p. 339-34914aAlfarería islámicazEspaña9151714aAzulejos islámicoszEspaña9151814aAlfarería medievalxInfluencia islámicazEspaña9151914aDecoración y ornamentación arquitectónicaxInfluencia islámicazEspaña9152014aDecoración y ornamentación mudéjarzEspaña91521 2lcccB c378d378 00104070aBRCAbBRCAd2008-06-25l0oNK4123 .M37 1991p00743r2019-03-22 00:00:00w2019-03-22yB